|
|
|
|
| LEADER |
00000nab a2200000 ar4500 |
| 001 |
vtls009467133 |
| 003 |
SK-MaSNL |
| 005 |
20260304015121.0 |
| 008 |
090130c1990 xo |r|p|||||||000 b|slo |
| 015 |
|
|
|a SNBRA2009/01
|2 snkbucl
|
| 038 |
|
|
|a SNKBUCL
|
| 040 |
|
|
|a SNKBUCL
|b slo
|c SNKBUCL
|e AACR2
|
| 041 |
0 |
|
|a slo
|
| 044 |
|
|
|a xo
|c SK
|
| 080 |
|
|
|a 82.0
|2 2001
|
| 080 |
|
|
|a 82:069
|x (437.6)
|2 2001
|
| 080 |
|
|
|a 069:82
|x (437.6)
|2 2001
|
| 100 |
1 |
|
|a Kopál, Ján,
|d 1925-2000
|4 aut
|9 102409
|
| 245 |
1 |
0 |
|a Komunikačný princíp výskumov v literárnomúzejnej teórii a praxi
|c Ján Kopál
|
| 504 |
|
|
|a Bibliogr. odkazy v poznámkach
|
| 504 |
|
|
|a Literatúra
|
| 610 |
2 |
7 |
|a Pedagogická fakulta v Nitre.
|b Ústav jazykovej a literárnej komunikácie
|2 SNKKA
|9 222019
|
| 648 |
|
7 |
|a 20. stor., 70.-80. r.
|2 snkbucl
|9 1046905
|
| 650 |
0 |
7 |
|a literárna komunikácia
|2 snkbucl
|9 71537
|
| 650 |
0 |
7 |
|a literárnomúzejná komunikácia
|2 snkbucl
|9 596324
|
| 650 |
0 |
7 |
|a literárna muzeológia
|2 snkbucl
|9 341330
|
| 655 |
|
7 |
|a štúdie
|2 snkbucl
|9 57033
|
| 773 |
0 |
|
|t Literárnomúzejný letopis 23
|d Martin : Matica slovenská, 1990
|g S. 51-55
|z 8070900148
|
| 852 |
|
|
|a SNK
|b KIS3GCP
|
| 958 |
|
|
|a LX
|
| 958 |
|
|
|a SK
|
| 958 |
|
|
|a NB
|
| 999 |
|
|
|c 2589764
|d 2591694
|